[Event "2nd Sharjah Masters 2018"]
[Site "Sharjah"]
[Date "2018.04.14"]
[Round "4"]
[White "Grivas, Efstratios"]
[Black "Salim issa ali shamas"]
[Result "1-0"]
[WhiteElo "2468"]
[BlackElo "1912"]
[Annotator "TA"]
[PlyCount "141"]
[EventDate "2018.??.??"]
[EventType "swiss"]
[EventCountry "UAE"]
[SourceTitle "playchess.com"]
[Source "ChessBase"]
[SourceQuality "1"]

{[%evp 20,141,53,35,47,22,12,7,49,49,50,47,48,50,62,59,73,84,91,91,97,98,114,112,113,111,113,105,107,108,110,98,101,93,115,72,88,88,72,77,87,77,77,71,92,81,98,53,54,53,54,54,62,54,58,54,120,120,120,117,125,121,191,143,151,129,129,121,146,89,103,76,98,93,88,0,71,0,41,41,268,254,220,183,257,239,245,229,222,209,254,250,460,444,444,397,381,389,567,558,547,539,12841,1373,12842,12843,12843,12843,12844,12844,12845,12845,12845,12846,12847,12847,12849,12848,12849,12849,12850,12849,12850,12850]} 1. d4 Nf6 2. c4 e6 3. Nf3 b6 4. g3 Bb7 5. Bg2 Be7 6. O-O O-O 7. d5 exd5 8. Nh4 Ne4 9. cxd5 Nd6 {E17: Queen's Indian: 4 g3 Bb7 5 Bg2 Be7} (9... Bxh4 10. Bxe4 Bf6 11. Nc3 c5 12. dxc6 dxc6 13. Qc2 h6 14. Rd1 Qe7 15. Bf4 Be5 16. Bxe5 Qxe5 17. Qa4 {1-0 (39) Bogosavljevic,B (2527)-Savic,M (2526) Pirot 2016}) 10. Nf3 Bf6 11. Nc3 {LiveBook: 5 Games} Re8 {White is slightly better.} 12. Nd2 $146 ({Predecessor:} 12. Bf4 Na6 13. Rc1 Bxc3 14. Rxc3 Nb4 15. Bxd6 cxd6 16. Rb3 a5 17. a3 {0-1 (52) Hernandez Noa,R (2310)-Diaz Murgada,R (2349) Havana 2013}) 12... Na6 13. Nde4 Be7 14. Nxd6 Bxd6 15. Ne4 Bf8 16. Bg5 f6 17. Be3 Nb4 {[#]} 18. Nc3 $1 Kh8 19. a3 Na6 20. b4 c6 21. Qb3 Nc7 22. Rfd1 {Black must now prevent dxc6.} cxd5 23. Nxd5 Nxd5 24. Bxd5 Bxd5 25. Rxd5 d6 26. Qd3 Qe7 27. Re1 Qe6 28. Bf4 Rad8 29. h4 Qe4 30. Qxe4 Rxe4 31. Kf1 Rc4 32. Red1 {[%cal Rf4d6]} Rc3 33. R5d3 Rxd3 34. Rxd3 $14 {[%mdl 4096] Endgame KRB-KRB} Kg8 35. Rc3 Rd7 36. Rc8 Kf7 37. Ke1 h6 {[#]} ({Black should try} 37... Be7 $14) 38. h5 $1 $16 Be7 39. Kd2 Ke6 40. Kd3 Kf5 (40... f5 $16) 41. f3 Ke6 42. a4 f5 43. b5 Bf6 44. Be3 ({White should play} 44. Bd2) 44... Kd5 45. Bf2 Re7 46. Rc6 Be5 47. Rc8 Bf6 48. Be3 (48. Rc2 $16) 48... Be5 49. Bf4 Bxf4 $2 (49... Bb2 $14) 50. gxf4 $14 {KR-KR} Ke6 51. e3 Kd5 (51... Kf7 {keeps fighting.} 52. Rc6 Ke6) 52. Rc1 $18 Rf7 53. Rc6 Re7 54. Rc8 Ke6 55. Kd4 Kd7 $2 (55... a6 {is a better defense.} 56. Ra8 (56. bxa6 Ra7 $16) 56... axb5) 56. Rc1 Ke6 57. Rg1 Kf7 58. e4 fxe4 (58... a6 {was necessary.} 59. Rc1 (59. exf5 axb5 60. axb5 Rc7 $11) (59. bxa6 fxe4 60. fxe4 Ra7 $16) 59... axb5) 59. fxe4 {White is clearly winning.} Re6 60. Kd5 {Intending Rxg7+! and mate.} g6 61. Rxg6 (61. hxg6+ $142 Rxg6 62. Rxg6 Kxg6 63. Kxd6) 61... Rxg6 62. hxg6+ Kxg6 63. Kxd6 {KP-KP} h5 64. e5 h4 65. e6 h3 66. e7 {Threatening mate with Ke6.} Kf5 67. e8=Q {Qe6+ would kill now.} Kxf4 68. Kc6 Kg3 69. Kb7 h2 70. Qe5+ Kh3 {[#]} 71. Qxh2+ $1 {[%mdl 512] Precision: White = 71%, Black = 44%.} 1-0

[Event "2nd Sharjah Masters 2018"]
[Site "Sharjah"]
[Date "2018.04.14"]
[Round "4"]
[White "Chakravarthi Reddy, M."]
[Black "Sultan, Ibrahim"]
[Result "1-0"]
[WhiteElo "2442"]
[BlackElo "2141"]
[Annotator "TA"]
[PlyCount "45"]
[EventDate "2018.??.??"]
[EventType "swiss"]
[EventCountry "UAE"]
[SourceTitle "playchess.com"]
[Source "ChessBase"]
[SourceQuality "1"]

{[%evp 22,45,28,8,33,8,68,74,74,78,88,39,47,58,104,100,369,345,329,342,435,433,852,858,843,841]} 1. d4 Nf6 2. c4 e6 3. Nf3 b6 4. a3 Ba6 5. Qc2 Bb7 6. Nc3 c5 7. e4 cxd4 8. Nxd4 Nc6 9. Nxc6 Bxc6 10. Bf4 Nh5 11. Be3 {E12: Queen's Indian: Unusual White 4th moves, 4 a3, 4 Nc3 Bb7 5 a3 and 4 Nc3 Bb7} (11. Bd2 Qc7 12. g3 Bc5 13. Bg2 O-O 14. O-O Rac8 15. Rac1 Nf6 16. b4 Be7 17. Qd3 Qb8 18. h3 Rfd8 {1-0 (34) Jobava,B (2717)-Timman,J (2601) Hoogeveen 2014}) 11... Bc5 12. Qe2 {LiveBook: 4 Games} Bxe3 13. Qxe3 {White is slightly better.} d6 (13... Qc7 $11) 14. Be2 $146 ({Predecessor:} 14. Rd1 Qe7 15. Be2 Nf6 16. Bf3 e5 17. O-O O-O 18. Rd2 Rfd8 {0-1 (55) De Nicolas,C-Barahona,S UECC email 2000}) 14... Nf6 15. O-O-O Qe7 16. g4 O-O-O 17. f4 Qb7 {[%cal Rf6e4]} 18. Bf3 d5 $2 {[%mdl 8192] [#]} (18... Kb8 $16 {is a better defense.}) 19. cxd5 $18 exd5 20. exd5 Nxd5 21. Nxd5 {White is clearly winning.} Rxd5 (21... Bxd5 $142 22. Qc3+ Qc7) 22. Bxd5 Bxd5 23. Qc3+ {Precision: White = 69%, Black = 13%.} 1-0

[Event "2nd Sharjah Masters 2018"]
[Site "Sharjah"]
[Date "2018.04.14"]
[Round "4"]
[White "Viani Antonio Dcunha"]
[Black "Ajay Karthikeyan"]
[Result "1-0"]
[WhiteElo "2435"]
[BlackElo "2127"]
[Annotator "TA"]
[PlyCount "87"]
[EventDate "2018.??.??"]
[EventType "swiss"]
[EventCountry "UAE"]
[SourceTitle "playchess.com"]
[Source "ChessBase"]
[SourceQuality "1"]

{[%evp 17,87,-4,6,-11,-15,-14,-18,-18,-16,-23,26,27,81,70,121,22,22,19,22,0,30,18,98,96,98,106,180,89,201,202,206,129,122,29,30,41,36,29,124,139,158,91,192,132,275,260,231,257,896,893,883,865,955,954,1134,1119,1065,1039,2041,1979,29977,12349,29988,29989,29989,29989,29989,29990,29995,29993,29993,29994]} 1. e4 c5 2. Nc3 Nc6 3. f4 g6 4. Nf3 Bg7 5. Bb5 Nd4 6. O-O a6 7. Bd3 d6 {B23: Closed Sicilian: Lines without g3} (7... Nc6 8. e5 d6 9. Qe2 dxe5 10. fxe5 Nh6 11. Kh1 Bg4 12. Be4 Rc8 13. d3 Nf5 14. e6 f6 15. Qf2 {1-0 (37) Petrosian,T (2648)-Jaracz,P (2548) Warsaw 2012}) 8. Nxd4 Bxd4+ 9. Kh1 e6 {LiveBook: 4 Games. The position is equal.} 10. Ne2 Bg7 11. c3 Ne7 12. Bc2 O-O 13. d4 cxd4 14. Nxd4 $146 ({Predecessor:} 14. cxd4 e5 15. f5 {1-0 (41) Petrosian,T (2326)-Balkhamishvili,T (2120) Batumi 2001}) 14... e5 (14... Qc7 $11) 15. Nf3 Qc7 (15... Bg4 $14) 16. Qe1 (16. f5 $1 $16) 16... Be6 $11 17. Qh4 {Strongly threatening f5!} f6 18. Be3 Rad8 19. a4 Nc6 (19... exf4 $11 20. Qxf4 Nc6) 20. f5 $1 $16 {[%cal Rf5e6]} Bf7 21. g4 g5 (21... Bc4 $16) 22. Qf2 (22. Bxg5 $1 $18 {is more deadly.} fxg5 23. Nxg5) 22... Qc8 {[#]} (22... Rd7 $16) 23. h4 $1 $18 h6 24. Kg2 d5 25. Bb6 (25. hxg5 $16 hxg5 26. Rfd1) 25... Rd7 $11 26. Rfd1 dxe4 27. Bxe4 Re8 (27... Ne7 $1 $11 {remains equal.}) 28. hxg5 $16 fxg5 {[#]} 29. Ne1 (29. Qc5 $142 $1) 29... Bf6 (29... Ne7 $16 {keeps fighting.}) 30. Nd3 $36 {[%mdl 2048] White is in control.} (30. Rxd7 $18 Qxd7 31. Nd3) 30... Rd6 (30... Bd8 $16) 31. Nc5 $18 Nd4 32. Bxb7 ({Much less strong is} 32. cxd4 $6 Rxb6 33. d5 Be7 $16) 32... Qxb7+ $2 (32... Qb8) 33. Nxb7 Rxb6 34. Nc5 Bd5+ 35. Kh3 Bf3 36. cxd4 Bxd1 37. Rxd1 exd4 38. Nd7 Rb3+ 39. Kg2 Bh8 40. f6 {White mates.} Kf7 41. Qxd4 Re2+ 42. Kf1 Rbxb2 43. Qc4+ Re6 44. Re1 {Precision: White = 49%, Black = 36%.} 1-0

[Event "2nd Sharjah Masters 2018"]
[Site "Sharjah"]
[Date "2018.04.14"]
[Round "4"]
[White "Sindarov, Javokhir"]
[Black "Asmar, Elie"]
[Result "1-0"]
[WhiteElo "2431"]
[BlackElo "2060"]
[Annotator "TA"]
[PlyCount "67"]
[EventDate "2018.??.??"]
[EventType "swiss"]
[EventCountry "UAE"]
[SourceTitle "playchess.com"]
[Source "ChessBase"]
[SourceQuality "1"]

{[%evp 19,67,73,87,85,84,62,88,86,83,88,119,117,111,114,124,129,125,132,129,133,131,126,147,146,145,139,229,230,226,227,253,261,341,325,364,335,455,440,423,296,340,268,865,809,969,904,1555,1531,1561,1537]} 1. e4 g6 2. d4 Bg7 3. Nc3 c6 4. Nf3 d5 {[%cal Bd7d5,Bd5e4][%mdl 32]} 5. h3 Nf6 6. e5 Ne4 7. Nxe4 dxe4 8. Ng5 c5 9. dxc5 Qxd1+ {B15: Caro-Kann: 3 Nc3: 3...g6 and 3...dxe4 4 Nxe4 Nf6 5 Nxf6+ exf6} 10. Kxd1 Nc6 {[#] LiveBook: 3 Games} (10... Bxe5 11. Nxe4 O-O 12. c3 Rd8+ 13. Kc2 Bf5 14. f3 Nd7 15. Be3 Rdc8 16. Bd3 Bxe4 17. Bxe4 Nxc5 18. Bxc5 Rxc5 19. Bxb7 {1-0 (45) Vachier Lagrave,M (2793)-Sandipan,C (2579) Caleta 2018}) 11. c3 $1 ({Don't play} 11. Nxe4 $6 Bf5 $11) 11... Nxe5 $146 {White is better.} ({Predecessor:} 11... O-O 12. Nxe4 Rd8+ 13. Kc2 Bf5 14. f3 Bxe5 15. Be3 a5 16. Bc4 Bg7 17. Rad1 {1-0 (38) Zaitsev,I (2485)-Liberzon,R (2120) Moscow 1998}) 12. Nxe4 Bf5 13. f3 O-O 14. Be3 Rfd8+ 15. Kc2 Rac8 16. Be2 h6 17. Rad1 Be6 18. Rxd8+ Rxd8 19. Rd1 Rxd1 20. Bxd1 Bc4 21. Nd2 Bd3+ 22. Kc1 Nc4 (22... Bb5 $16 {was worth a try.} 23. Kb1 g5) 23. Nxc4 $18 Bxc4 {[%mdl 4096] Endgame KBB-KBB} 24. f4 Bd5 25. Bf3 Bc6 26. Bxc6 bxc6 {KB-KB} 27. Kc2 Kf8 28. Kb3 Ke8 29. Ka4 Kd7 30. Ka5 Ke6 $2 {[#]} (30... Kc8 31. Ka6 Kb8) 31. Ka6 {White is clearly winning.} Kd5 32. Kxa7 e5 33. fxe5 Bxe5 34. Kb7 {Precision: White = 96%, Black = 33%.} 1-0

[Event "2nd Sharjah Masters 2018"]
[Site "Sharjah"]
[Date "2018.04.14"]
[Round "4"]
[White "Arjun Kalyan"]
[Black "Mullick, Raahil"]
[Result "1-0"]
[WhiteElo "2397"]
[BlackElo "2053"]
[Annotator "NA"]
[PlyCount "109"]
[EventDate "2018.??.??"]
[EventType "swiss"]
[EventCountry "UAE"]
[SourceTitle "playchess.com"]
[Source "ChessBase"]
[SourceQuality "1"]
[TimeControl "5400+30"]

1. e4 {[%emt 0:00:00]} e5 {[%emt 0:00:08]} 2. Nf3 {[%emt 0:00:00]} Nc6 {[%emt 0:00:06]} 3. Bb5 {[%emt 0:00:05]} Nf6 {[%emt 0:00:12]} 4. d3 {[%emt 0:00:37]} Bc5 {[%emt 0:00:17]} 5. O-O {[%emt 0:00:46]} d6 {[%emt 0:01:30]} 6. c3 {[%emt 0:01:14]} O-O {[%emt 0:00:21]} 7. h3 {[%emt 0:00:16]} Ne7 {[%emt 0:03:04] C65: Ruy Lopez: Berlin Defence (3...Nf6), unusual lines and 4 0-0 Bc5} 8. Re1 {[%emt 0:00:41]} Ng6 {[%emt 0:00:16]} 9. Nbd2 {[%emt 0:01:36]} c6 {[%emt 0:06:29]} 10. Ba4 {[%emt 0:01:45]} Bb6 {[%emt 0:00:41]} 11. d4 {[%emt 0:00:26]} Re8 {[%emt 0:06:29]} 12. Bc2 {[%emt 0:00:44]} Bc7 {[%emt 0:01:56]} 13. a4 {[%emt 0:01:48]} a5 {[%emt 0:10:37]} 14. Nf1 {[%emt 0:04:34]} d5 {[%emt 0:05:36]} 15. exd5 {[%emt 0:05:46] [#]} e4 $146 {[%emt 0:00:59]} 16. d6 {[%emt 0:02:15]} Qxd6 {[%emt 0:03:01]} 17. N3d2 {[%emt 0:01:32]} Bf5 {[%emt 0:07:22]} 18. Nc4 {[%emt 0:08:53]} Qe6 {[%emt 0:05:39]} 19. Bb3 {[%emt 0:05:11]} Qd7 {[%emt 0:00:50]} 20. Ng3 {[%emt 0:05:20] [#]} Bxh3 $1 {[%emt 0:05:16]} 21. Ne5 $17 {[%emt 0:18:39]} ({Wrong is} 21. gxh3 $2 Qxh3 22. Bg5 Bxg3 $19) 21... Nxe5 {[%emt 0:05:52]} 22. dxe5 {[%emt 0:01:07]} Bxe5 {[%emt 0:00:12]} 23. Nxe4 {[%emt 0:09:30]} Nxe4 {[%emt 0:12:27]} 24. Rxe4 {[%emt 0:00:14]} Qxd1+ {[%emt 0:03:01]} 25. Bxd1 {[%emt 0:00:03]} Bf5 {[%emt 0:01:13]} 26. Re3 {[%emt 0:00:21]} Rad8 {[%emt 0:02:51]} 27. Bf3 {[%emt 0:00:17]} f6 {[%emt 0:04:02]} 28. g3 {[%emt 0:00:32]} Kf7 {[%emt 0:01:57]} 29. Re1 {[%emt 0:00:21]} Rd3 {[%emt 0:04:43]} 30. Be2 {[%emt 0:01:33]} Rd6 {[%emt 0:00:56]} 31. f4 {[%emt 0:03:06]} Bd4+ {[%emt 0:06:12]} 32. cxd4 {[%emt 0:00:28]} Rxd4 {[%emt 0:00:09]} 33. Kf2 {[%emt 0:00:46]} Bc2 {[%emt 0:01:05]} 34. Be3 {[%emt 0:01:42]} Rxa4 {[%emt 0:00:29]} 35. Rxa4 {[%emt 0:00:04]} Bxa4 {[%emt 0:00:06]} 36. Bb6 {[%emt 0:01:15]} Bb3 {[%emt 0:01:19]} 37. Bxa5 {[%emt 0:00:18]} b5 {[%emt 0:01:05]} 38. Bb4 {[%emt 0:00:51]} Bd5 {[%emt 0:00:27]} 39. Bh5+ {[%emt 0:01:00]} g6 {[%emt 0:00:15]} 40. Rxe8 {[%emt 0:00:02]} Kxe8 {[%emt 0:00:07]} 41. Bf3 {[%emt 0:00:02]} Bxf3 {[%emt 0:01:08]} 42. Kxf3 {[%emt 0:00:04]} Kd7 {[%emt 0:00:24]} 43. f5 {[%emt 0:00:06]} gxf5 {[%emt 0:00:33]} 44. Kf4 {[%emt 0:00:01]} Ke6 {[%emt 0:00:01]} 45. Bc5 {[%emt 0:00:01]} Kd5 {[%emt 0:00:30]} 46. b4 {[%emt 0:00:06]} Ke6 {[%emt 0:00:09]} 47. Bb6 {[%emt 0:00:03]} h6 {[%emt 0:00:41]} 48. Ba7 {[%emt 0:00:03]} h5 {[%emt 0:00:10]} 49. Bc5 {[%emt 0:00:02]} Kf7 {[%emt 0:00:23]} 50. Kxf5 {[%emt 0:00:03]} Kg7 {[%emt 0:00:12]} 51. Be7 {[%emt 0:00:06]} Kh6 {[%emt 0:00:11]} 52. Bxf6 {[%emt 0:00:05]} h4 {[%emt 0:00:08]} 53. Bxh4 {[%emt 0:00:07]} Kh5 {[%emt 0:00:11]} 54. Bf6 {[%emt 0:00:05]} Kh6 {[%emt 0:00:11]} 55. g4 {[%emt 0:00:04]} 1-0

[Event "2nd Sharjah Masters 2018"]
[Site "Sharjah"]
[Date "2018.04.14"]
[Round "4"]
[White "Rajdeep Sarkar"]
[Black "Reyes, Danilo G"]
[Result "1-0"]
[WhiteElo "2393"]
[BlackElo "1640"]
[Annotator "NA"]
[PlyCount "61"]
[EventDate "2018.??.??"]
[EventType "swiss"]
[EventCountry "UAE"]
[SourceTitle "playchess.com"]
[Source "ChessBase"]
[SourceQuality "1"]
[TimeControl "5400+30"]

1. d4 {[%emt 0:00:00]} Nf6 {[%emt 0:00:15]} 2. Nf3 {[%emt 0:00:00]} e6 {[%emt 0:00:25]} 3. c4 {[%emt 0:00:00]} d5 {[%emt 0:00:11]} 4. Qc2 {[%emt 0:00:00]} c6 {[%emt 0:02:18]} 5. g3 {[%emt 0:00:31]} Be7 {[%emt 0:00:32]} 6. Bg2 {[%emt 0:00:06]} O-O {[%emt 0:00:41]} 7. O-O {[%emt 0:00:06]} Nbd7 {[%emt 0:02:54]} 8. Nbd2 {[%emt 0:00:07]} a6 {[%emt 0:01:43] E09: Closed Catalan: Main Line: 7 Qc2 c6 8 Nbd2} (8... b6 9. e4 Ba6 10. e5 Ne8 11. Re1 Rc8 12. cxd5 cxd5 13. Qd1 Qc7 14. Nb1 Qc2 15. Nc3 Qxd1 16. Rxd1 Nc7 17. h4 Nb5 {½-½ (69) Yu,Y (2751)-Le,Q (2737) Huaian 2017}) 9. e4 {[%emt 0:00:24]} dxc4 {[%emt 0:12:08]} 10. Nxc4 {[%emt 0:02:03]} h6 $146 {[%emt 0:02:23]} ({Predecessor:} 10... b5 11. Nce5 c5 12. Nc6 Qe8 13. e5 Nd5 14. Nxe7+ Qxe7 15. Ng5 g6 16. Bxd5 exd5 17. Re1 f6 18. Nf3 cxd4 19. Bh6 Rf7 20. e6 {1-0 (20) Jedlicka,A (2222)-Socha,J (1951) Tatranska Lomnica 2017}) 11. Rd1 {[%emt 0:01:50]} Nb6 {[%emt 0:08:31]} 12. Ne3 {[%emt 0:02:45]} Bd7 {[%emt 0:05:58]} 13. Bd2 {[%emt 0:01:57]} a5 {[%emt 0:01:24]} 14. Rac1 {[%emt 0:01:52]} Bb4 {[%emt 0:04:46]} 15. Ne5 {[%emt 0:05:01]} Qe7 {[%emt 0:05:13]} 16. Bxb4 {[%emt 0:07:31]} axb4 {[%emt 0:01:52]} 17. Qc5 {[%emt 0:00:07]} Qd8 {[%emt 0:03:23]} 18. Ra1 {[%emt 0:00:41]} Bc8 {[%emt 0:06:23]} 19. Qxb4 {[%emt 0:00:38]} Qc7 {[%emt 0:02:16]} 20. a4 {[%emt 0:07:19]} Rd8 {[%emt 0:02:28]} 21. a5 {[%emt 0:01:22]} Nbd7 {[%emt 0:00:49]} 22. Qe7 {[%emt 0:02:26]} Rf8 $18 {[%emt 0:02:56]} 23. N3c4 {[%emt 0:02:58]} Qd8 {[%emt 0:04:55]} 24. Qd6 {[%emt 0:05:14]} Ne8 {[%emt 0:07:12]} 25. Qb4 {[%emt 0:01:07]} Qc7 {[%emt 0:06:28]} 26. f4 {[%emt 0:02:34]} f6 {[%emt 0:04:07]} 27. Ng6 {[%emt 0:01:41]} Rf7 {[%emt 0:00:19]} 28. Bh3 {[%emt 0:02:02]} c5 {[%emt 0:04:35]} 29. dxc5 {[%emt 0:00:13]} Nxc5 {[%emt 0:00:59]} 30. Nb6 {[%emt 0:00:24]} Rb8 {[%emt 0:01:32]} 31. Rac1 {[%emt 0:00:12]} 1-0

[Event "2nd Sharjah Masters 2018"]
[Site "Sharjah"]
[Date "2018.04.14"]
[Round "4"]
[White "Sidhant, Mohapatra"]
[Black "Priyanka Nutakki"]
[Result "1/2-1/2"]
[WhiteElo "2382"]
[BlackElo "1957"]
[Annotator "NA"]
[PlyCount "169"]
[EventDate "2018.??.??"]
[EventType "swiss"]
[EventCountry "UAE"]
[SourceTitle "playchess.com"]
[Source "ChessBase"]
[SourceQuality "1"]
[TimeControl "5400+30"]

1. c4 {[%emt 0:00:05]} e5 {[%emt 0:00:17]} 2. g3 {[%emt 0:00:19]} Nf6 {[%emt 0:00:14]} 3. Bg2 {[%emt 0:01:03]} Nc6 {[%emt 0:00:11]} 4. Nc3 {[%emt 0:00:07]} Bb4 {[%emt 0:00:14]} 5. Nd5 {[%emt 0:00:30]} Bc5 {[%emt 0:00:18]} 6. e3 {[%emt 0:00:07]} O-O {[%emt 0:00:21]} 7. Ne2 {[%emt 0:00:10]} d6 {[%emt 0:00:18]} 8. O-O {[%emt 0:01:40]} Nxd5 {[%emt 0:00:30]} 9. cxd5 {[%emt 0:00:05]} Ne7 {[%emt 0:00:04]} 10. d4 {[%emt 0:01:07]} exd4 {[%emt 0:00:08]} 11. Nxd4 {[%emt 0:00:03]} Ng6 {[%emt 0:03:27] A29: English Opening: Four Knights Variation with 4 g3} (11... Nf5 12. Ne2 Qf6 13. Rb1 a5 14. b3 Bd7 15. Bb2 Qh6 16. e4 Ne7 17. Bd4 b6 18. Qc1 Qh5 19. Nf4 {0-1 (39) Ivanchuk,V (2738)-Nepomniachtchi,I (2732) Leuven 2017}) 12. b3 {[%emt 0:04:09]} a5 {[%emt 0:02:00]} 13. a3 {[%emt 0:00:47]} Ne5 {[%emt 0:09:34]} 14. Bb2 {[%emt 0:06:14]} Bg4 {[%emt 0:03:52]} 15. f3 {[%emt 0:00:57]} Bd7 {[%emt 0:00:06]} 16. f4 $146 {[%emt 0:05:34]} ({Find the theoretical novelty and annotate with similar games:} 16. h3 Qe8 17. f4 Ng6 18. Kh2 c6 19. Qd2 Ne7 20. dxc6 {½-½ (20) Dowden,R (2123)-Milligan,H (2015) Auckland 2010}) 16... Ng4 {[%emt 0:02:58]} 17. Qd3 {[%emt 0:00:07]} Re8 {[%emt 0:11:13]} 18. Rae1 {[%emt 0:01:49]} Nf6 {[%emt 0:18:36]} (18... c6 $5) 19. h3 {[%emt 0:03:25]} Rc8 {[%emt 0:13:50]} 20. Kh2 {[%emt 0:02:03]} c6 {[%emt 0:01:04]} 21. dxc6 {[%emt 0:00:48]} Bxc6 $14 {[%emt 0:05:30]} 22. e4 {[%emt 0:07:04]} Bxd4 {[%emt 0:20:28]} 23. Bxd4 {[%emt 0:05:16]} Nd7 {[%emt 0:01:50]} 24. b4 {[%emt 0:04:14]} axb4 {[%emt 0:00:04]} 25. axb4 {[%emt 0:00:02]} Nc5 {[%emt 0:01:09]} 26. Qb1 {[%emt 0:01:32]} Ne6 {[%emt 0:00:18]} 27. Ba1 {[%emt 0:00:25]} Bb5 {[%emt 0:01:01]} 28. Rf2 {[%emt 0:00:08]} Qb6 {[%emt 0:00:18]} 29. Rd2 {[%emt 0:01:06]} Rc4 {[%emt 0:02:44]} 30. f5 {[%emt 0:00:51]} Nf8 {[%emt 0:00:59]} 31. Qd1 {[%emt 0:01:33]} d5 {[%emt 0:01:31]} 32. Rxd5 {[%emt 0:01:17]} Rxb4 33. Rd6 {[%emt 0:01:20]} Qc7 {[%emt 0:01:16]} 34. Qd2 {[%emt 0:03:57]} Ra4 {[%emt 0:00:30]} 35. Bxg7 {[%emt 0:10:37]} Kxg7 {[%emt 0:00:10]} 36. Qg5+ {[%emt 0:00:02]} Kh8 {[%emt 0:00:43]} 37. f6 {[%emt 0:00:18]} Ne6 {[%emt 0:00:32]} 38. Qxb5 {[%emt 0:00:06]} Rg8 {[%emt 0:00:35]} 39. Rd3 {[%emt 0:01:03]} Ra2 {[%emt 0:00:29]} 40. Qb3 {[%emt 0:02:53]} Rf2 {[%emt 0:00:32]} 41. Qc3 {[%emt 0:01:51]} Qxc3 42. Rxc3 {[%emt 0:00:07]} Nf4 {[%emt 0:00:30]} 43. Rg1 {[%emt 0:00:26]} Nxg2 {[%emt 0:00:46]} 44. Rxg2 {[%emt 0:00:05]} Rxf6 {[%emt 0:00:01]} 45. Rb2 {[%emt 0:00:53]} Re8 {[%emt 0:00:34]} 46. Rc4 {[%emt 0:00:06]} Rfe6 {[%emt 0:01:10]} 47. Rxb7 {[%emt 0:00:18]} Rxe4 {[%emt 0:00:23]} 48. Rxe4 {[%emt 0:00:07]} Rxe4 {[%emt 0:00:01]} 49. Rxf7 {[%emt 0:00:02]} Re2+ {[%emt 0:00:00]} 50. Kg1 {[%emt 0:00:02]} Kg8 {[%emt 0:00:26]} 51. Rf2 {[%emt 0:00:01]} Re3 {[%emt 0:00:12]} 52. Kg2 {[%emt 0:00:01]} Kg7 {[%emt 0:00:05]} 53. Ra2 {[%emt 0:00:09]} Kg6 {[%emt 0:00:22]} 54. Ra6+ {[%emt 0:00:05]} Kg7 {[%emt 0:01:12]} 55. Kf2 {[%emt 0:00:11]} Rb3 {[%emt 0:00:06]} 56. Re6 {[%emt 0:00:06]} Ra3 {[%emt 0:01:44]} 57. Re3 {[%emt 0:00:02]} Ra4 {[%emt 0:00:04]} 58. Kf3 {[%emt 0:00:07]} Kf6 {[%emt 0:00:13]} 59. Re4 {[%emt 0:00:05]} Ra5 {[%emt 0:01:05]} 60. Kg4 {[%emt 0:00:06]} Rg5+ {[%emt 0:00:37]} 61. Kh4 {[%emt 0:00:10]} Ra5 {[%emt 0:00:23]} 62. Rb4 {[%emt 0:00:10]} Kg6 {[%emt 0:01:05]} 63. Rb6+ {[%emt 0:00:05]} Kg7 {[%emt 0:00:02]} 64. g4 {[%emt 0:00:08]} Rc5 {[%emt 0:00:44]} 65. g5 {[%emt 0:00:07]} Rc7 {[%emt 0:00:27]} 66. Kg4 {[%emt 0:00:11]} Ra7 {[%emt 0:00:38]} 67. h4 {[%emt 0:00:04]} Ra4+ {[%emt 0:00:08]} 68. Kh5 {[%emt 0:00:27]} Ra7 {[%emt 0:00:04]} 69. Rf6 {[%emt 0:00:13]} Ra4 {[%emt 0:00:07]} 70. Re6 {[%emt 0:00:05]} Ra7 {[%emt 0:00:25]} 71. Kg4 {[%emt 0:00:37]} Ra4+ {[%emt 0:00:01]} 72. Kg3 {[%emt 0:00:09]} Ra3+ {[%emt 0:00:52]} 73. Kf4 {[%emt 0:00:01]} Ra4+ {[%emt 0:00:01]} 74. Re4 {[%emt 0:00:08]} Rxe4+ {[%emt 0:00:22]} 75. Kxe4 {[%emt 0:00:04]} h6 {[%emt 0:00:14]} 76. Kf5 {[%emt 0:00:05]} hxg5 {[%emt 0:00:02]} 77. hxg5 {[%emt 0:00:04]} Kf7 {[%emt 0:00:03]} 78. Kf4 {[%emt 0:00:18]} Kg6 {[%emt 0:00:06]} 79. Kg4 {[%emt 0:00:03]} Kg7 {[%emt 0:00:03]} 80. Kh5 {[%emt 0:00:04]} Kh7 {[%emt 0:00:02]} 81. g6+ {[%emt 0:00:04]} Kg7 {[%emt 0:00:01]} 82. Kg5 {[%emt 0:00:01]} Kg8 {[%emt 0:00:00]} 83. Kf6 {[%emt 0:00:10]} Kf8 {[%emt 0:00:02]} 84. g7+ {[%emt 0:00:01]} Kg8 {[%emt 0:00:00]} 85. Kg6 {[%emt 0:00:01]} 1/2-1/2